[Event "Saint Louis Blitz 2022"]
[Site "Saint Louis USA"]
[Date "2022.08.29"]
[Round "1.2"]
[White "Aronian, Levon"]
[Black "Xiong, Jeffery"]
[Result "1-0"]
[WhiteTitle "GM"]
[BlackTitle "GM"]
[WhiteElo "2775"]
[BlackElo "2690"]
[WhiteFideId "13300474"]
[BlackFideId "2047640"]
[EventDate "2022.08.29"]

1. e4 e5 2. Nf3 Nc6 3. Bb5 Nf6 4. d3 Bc5 5. Bxc6 dxc6 6. O-O Nd7 7. c3 O-O 8. d4
Bd6 9. Bg5 Qe8 10. Nbd2 Qe6 11. Re1 a5 12. Bh4 a4 13. a3 Re8 14. Bg3 exd4 15.
cxd4 Nb6 16. Qc2 Qg6 17. Ne5 Qh5 18. Nd3 Qb5 19. Rac1 Be6 20. Nc5 Bxg3 21. hxg3
Rad8 22. Nf3 Bb3 23. Qc3 Nd7 24. Nxb3 axb3 25. Nd2 Nf6 26. e5 Ng4 27. f3 Nh6 28.
g4 c5 29. Qxc5 Qd3 30. Qc3 Rxd4 31. Nxb3 Qxc3 32. Rxc3 Rd5 33. Rxc7 Rb5 34. Re3
f5 35. Nd4 Rxb2 36. Nxf5 Nxf5 37. gxf5 Rd8 38. e6 1-0

[Event "Saint Louis Blitz 2022"]
[Site "Saint Louis USA"]
[Date "2022.08.29"]
[Round "1.4"]
[White "Shankland, Sam"]
[Black "Dominguez Perez, Leinier"]
[Result "1/2-1/2"]
[WhiteTitle "GM"]
[BlackTitle "GM"]
[WhiteElo "2720"]
[BlackElo "2754"]
[WhiteFideId "2004887"]
[BlackFideId "3503240"]
[EventDate "2022.08.29"]

1. Nf3 Nf6 2. c4 c5 3. Nc3 Nc6 4. d4 cxd4 5. Nxd4 e6 6. e4 Bb4 7. Nxc6 bxc6 8.
Bd3 e5 9. O-O O-O 10. Qc2 Bc5 11. a3 d6 12. b4 Bd4 13. Rb1 Be6 14. Ne2 Bb6 15.
h3 Nd7 16. Ng3 Qh4 17. Kh2 Bd4 18. Bb2 c5 19. Ne2 Bxf2 20. Ng1 Qg3+ 21. Kh1 Bxg1
22. Kxg1 cxb4 23. axb4 a5 24. Rf3 Qg5 25. b5 Rfc8 26. Ba3 Qd8 27. Qf2 Nc5 28.
Rd1 Qe7 29. Re3 h6 30. Bf1 Nb7 31. Rc3 Nc5 32. Qe3 Rc7 33. Rc2 Rac8 34. Rcd2 Nb7
35. Bxd6 Nxd6 36. Rxd6 Bxc4 37. b6 Rb7 38. Qc3 Be6 39. Qxa5 Qg5 40. Qa3 Rcb8 41.
Rb1 Qe7 42. Qd3 Bc4 43. Qd2 Bxf1 44. Kxf1 Qh4 45. Qd5 Qf4+ 46. Kg1 Kh7 47. Kh1
f6 48. Qd3 Qf2 49. Qb5 Ra8 50. Qf1 Qc5 51. Qf5+ Kh8 52. Qe6 Rab8 53. Rbd1 Qc2
54. Rd8+ Rxd8 55. Rxd8+ Kh7 56. Qf5+ g6 57. Qe6 Qc1+ 58. Kh2 Qf4+ 59. Kh1 Qf1+
60. Kh2 Qf4+ 61. Kh1 Qf1+ 62. Kh2 1/2-1/2

[Event "Saint Louis Blitz 2022"]
[Site "Saint Louis USA"]
[Date "2022.08.29"]
[Round "1.5"]
[White "Mamedyarov, Shakhriyar"]
[Black "Vachier-Lagrave, Maxime"]
[Result "1-0"]
[WhiteTitle "GM"]
[BlackTitle "GM"]
[WhiteElo "2758"]
[BlackElo "2757"]
[WhiteFideId "13401319"]
[BlackFideId "623539"]
[EventDate "2022.08.29"]

1. d4 Nf6 2. c4 g6 3. Nc3 d5 4. cxd5 Nxd5 5. g3 Bg7 6. Bg2 Nxc3 7. bxc3 c5 8.
Nf3 O-O 9. O-O Nc6 10. Rb1 cxd4 11. cxd4 Nxd4 12. Nxd4 Qxd4 13. Be3 Qc4 14. Bd5
Qa6 15. Qb3 Qxe2 16. Bc5 Be6 17. Bxe6 Qxe6 18. Qxe6 fxe6 19. Rxb7 Bf6 20. Bxa7
Rfc8 21. a4 Kf7 22. Rd1 Rc4 23. a5 Ra4 24. Bb6 R8xa5 25. Bxa5 Rxa5 26. Rb6 Ra2
27. Rc6 Be5 28. Kf1 Bd6 29. Rc8 Rb2 30. Rd3 Be5 31. Re3 Bd4 32. Rf3+ Bf6 33. Rc6
Rb1+ 34. Kg2 Rb2 35. Re3 Bd4 36. Rf3+ Bf6 37. Rf4 Rb5 38. Re4 Be5 39. Rh4 h5 40.
Re4 Bd6 41. Re3 Rf5 42. Rf3 Kg7 43. h3 Rd5 44. Re3 Kf7 45. Rf3+ Kg7 46. Rc4 Rf5
47. Re4 Kf6 48. Rfe3 e5 49. Rc4 Kf7 50. Rf3 Rf6 51. Rc8 Kg7 52. Rd8 Bc5 53. Rd7
Rb6 54. Rc7 Bd6 55. Rc8 e4 56. Re3 Rb4 57. Rec3 Rb2 58. R8c4 Be5 59. Re3 Bf6 60.
Rcxe4 Ra2 61. Re2 Ra3 62. Rc4 Rb3 63. Re3 Rb2 64. Rce4 Ra2 65. Re2 Ra3 66. f4
Kf7 67. R4e3 Ra4 68. Kf3 Rb4 69. Rd3 Ra4 70. Rd5 Ra3+ 71. Re3 Ra1 72. g4 hxg4+
73. hxg4 Ra7 74. g5 Bg7 75. Red3 Ke6 76. Rb5 Ra6 77. Rb7 Kf7 78. Rdb3 Rc6 79.
Re3 Bf8 80. Ra7 Rb6 81. Rea3 Rc6 82. R7a6 Rxa6 83. Rxa6 e6 84. Ra7+ Kg8 85. Ke4
Bb4 86. Ke5 1-0

[Event "Saint Louis Blitz 2022"]
[Site "Saint Louis USA"]
[Date "2022.08.29"]
[Round "2.2"]
[White "Caruana, Fabiano"]
[Black "Vachier-Lagrave, Maxime"]
[Result "1/2-1/2"]
[WhiteTitle "GM"]
[BlackTitle "GM"]
[WhiteElo "2776"]
[BlackElo "2757"]
[WhiteFideId "2020009"]
[BlackFideId "623539"]
[EventDate "2022.08.29"]

1. Nf3 Nf6 2. b3 g6 3. Bb2 Bg7 4. g3 d6 5. d4 O-O 6. Bg2 a5 7. O-O a4 8. c4 Bf5
9. bxa4 Qd7 10. Nc3 Ne4 11. Nd5 Nf6 12. Nc3 Ne4 13. Nb5 c6 14. Nc3 Nxc3 15. Bxc3
c5 16. Qb3 Na6 17. e3 Be4 18. Nh4 Bxg2 19. Nxg2 Rfc8 20. Nf4 cxd4 21. exd4 e6
22. Rac1 Nb8 23. a5 Nc6 24. d5 Nxa5 25. Bxa5 Rxa5 26. dxe6 fxe6 27. Rfe1 Bh6 28.
Rcd1 Bxf4 29. gxf4 Rf5 30. Rd4 Rcf8 31. Qe3 R5f6 32. Red1 Qc7 33. Qe2 Qf7 34.
Rxd6 Rxf4 35. R1d2 Qf5 36. Qxe6+ Qxe6 37. Rxe6 Rxc4 38. Re7 Rf7 39. Rxf7 Kxf7
40. Rd7+ Kf6 41. Rxb7 Ra4 42. Rb2 Kf5 43. Kf1 Kf4 44. Kg2 Ra3 45. f3 h5 46. h4
Kf5 47. Kg3 Ra4 48. Rc2 Ra3 49. Rb2 Ra4 50. Rc2 Ra3 51. Rb2 Ra4 1/2-1/2

[Event "Saint Louis Blitz 2022"]
[Site "Saint Louis USA"]
[Date "2022.08.29"]
[Round "2.3"]
[White "Dominguez Perez, Leinier"]
[Black "Mamedyarov, Shakhriyar"]
[Result "0-1"]
[WhiteTitle "GM"]
[BlackTitle "GM"]
[WhiteElo "2754"]
[BlackElo "2758"]
[WhiteFideId "3503240"]
[BlackFideId "13401319"]
[EventDate "2022.08.29"]

1. e4 e5 2. Nf3 Nc6 3. Bc4 Bc5 4. O-O Nf6 5. d3 O-O 6. h3 a5 7. c3 d6 8. Re1 h6
9. Nbd2 Be6 10. Bb5 Nd7 11. Nf1 d5 12. Be3 Bd6 13. Ng3 dxe4 14. dxe4 Ne7 15. a4
Nf6 16. Qe2 Qc8 17. Bc4 Rd8 18. Rad1 Ng6 19. Nd2 Bf8 20. Bxe6 Qxe6 21. Nc4 b6
22. b3 Nd7 23. Qg4 Qxg4 24. hxg4 Bc5 25. Nf1 Bxe3 26. Rxe3 Nc5 27. Rb1 f6 28. g3
Rd7 29. f3 Rad8 30. Kg2 Rd1 31. Rb2 Nf8 32. Ree2 R1d3 33. Red2 Nfe6 34. Rdc2 Nb7
35. Nfe3 Nd6 36. Nxd6 Rxe3 37. Nc4 Red3 38. Rd2 Rxc3 39. Rxd8+ Nxd8 40. Rd2 Ne6
41. Rd7 Rxb3 42. Re7 Nd4 43. Rxc7 Rc3 44. Rc8+ Kh7 45. Nxb6 Rxf3 46. Nd7 Kg6 47.
Rc7 h5 48. Nf8+ Kh6 49. gxh5 Ra3 50. g4 Rxa4 51. Ra7 Ra2+ 52. Kh3 Ra3+ 53. Kg2
a4 54. Ng6 Ne6 55. Nh4 Kg5 56. Nf5 Kxg4 57. Re7 Nf4+ 58. Kf2 Ra2+ 59. Ke1 Nxh5 0-1

[Event "Saint Louis Blitz 2022"]
[Site "Saint Louis USA"]
[Date "2022.08.29"]
[Round "2.5"]
[White "Nepomniachtchi, Ian"]
[Black "Shankland, Sam"]
[Result "1/2-1/2"]
[WhiteTitle "GM"]
[BlackTitle "GM"]
[WhiteElo "2792"]
[BlackElo "2720"]
[WhiteFideId "4168119"]
[BlackFideId "2004887"]
[EventDate "2022.08.29"]

1. c4 e6 2. g3 d5 3. Bg2 Nf6 4. Nf3 Be7 5. d4 O-O 6. O-O dxc4 7. Qc2 a6 8. a4
Bd7 9. Qxc4 Bc6 10. Bg5 Nbd7 11. e3 h6 12. Bxf6 Nxf6 13. Nbd2 a5 14. Rfd1 Bb4
15. Qe2 Qe7 16. Nc4 Rfd8 17. Nfe5 Bxg2 18. Kxg2 c5 19. dxc5 Qxc5 20. Qf3 Rd5 21.
Qf4 Rad8 22. Rdc1 Qc7 23. Nf3 Rc5 24. Qxc7 Rxc7 25. Nd4 Rdc8 26. b3 Nd5 27. Nb5
Rc5 28. Nbd6 R8c7 29. Nb5 Rc8 30. Rd1 Nc3 31. Nxc3 Bxc3 32. Ra2 Rb8 33. Rd3 Bf6
34. Nb6 Rc6 35. Nc4 b5 36. axb5 Rxb5 37. Rxa5 Rb7 38. Nd6 Rd7 39. Ra8+ Kh7 40.
Rf8 Rcxd6 41. Rxd6 Rxd6 42. Rxf7 Rb6 43. Ra7 Rxb3 44. Ra6 e5 45. h4 h5 46. Ra4
Kg6 47. Kf3 Kf5 48. Ra5 Rb2 49. Kg2 Rc2 50. Ra4 Be7 51. Ra7 Kf6 52. Ra6+ Kf7 53.
Ra7 Ke6 54. Ra6+ Bd6 55. Ra7 g6 56. Ra6 Rd2 57. Kf1 e4 58. Ke1 Rb2 59. Kf1 Kd5
60. Ra5+ Bc5 61. Ra8 Rb6 62. Rd8+ Rd6 63. Re8 Rf6 64. Kg2 Bd6 65. Rc8 Ke5 66.
Re8+ Kf5 67. Ra8 Be5 68. Ra5 Re6 69. Rb5 g5 70. hxg5 Kxg5 71. Ra5 Kf5 72. Ra8
Rg6 73. Kf1 Kg4 74. Re8 Bxg3 75. fxg3 Kf3 76. Re5 Kxe3 77. Rxh5 Rf6+ 78. Kg2 Ke2
79. Ra5 e3 80. g4 Rf2+ 81. Kg3 Rf3+ 82. Kg2 Rf2+ 83. Kg3 Rf3+ 84. Kg2 Rf2+ 85.
Kg3 Rf3+ 86. Kg2 Rf2+ 1/2-1/2

[Event "Saint Louis Blitz 2022"]
[Site "Saint Louis USA"]
[Date "2022.08.29"]
[Round "3.1"]
[White "Mamedyarov, Shakhriyar"]
[Black "Nepomniachtchi, Ian"]
[Result "0-1"]
[WhiteTitle "GM"]
[BlackTitle "GM"]
[WhiteElo "2758"]
[BlackElo "2792"]
[WhiteFideId "13401319"]
[BlackFideId "4168119"]
[EventDate "2022.08.29"]

1. d4 Nf6 2. c4 e6 3. Nf3 d5 4. Nc3 c5 5. cxd5 cxd4 6. Qxd4 exd5 7. e4 dxe4 8.
Qxd8+ Kxd8 9. Ng5 Be6 10. Nxe6+ fxe6 11. Bg5 Nc6 12. O-O-O+ Ke8 13. Kb1 Bb4 14.
Bxf6 gxf6 15. Nxe4 Ke7 16. a3 Ba5 17. Nc5 Rad8 18. Rc1 Rd2 19. Ne4 Rd4 20. Nc5
Bb6 21. Bb5 Ne5 22. Na4 Ba5 23. Rhd1 Rhd8 24. Rxd4 Rxd4 25. Nc5 Bb6 26. Na4 Bd8
27. Nc5 Rd5 28. Ba4 Bb6 29. Nxb7 Rd2 30. Rc2 Rxf2 31. Rxf2 Bxf2 32. Na5 Kd6 33.
Bb3 Nd3 34. Bc2 Ne1 35. g4 Nf3 36. h3 h6 37. Bd3 Ke5 38. Nc6+ Kf4 39. Nd8 e5 40.
Nf7 e4 41. Ba6 e3 42. Kc2 Nd4+ 43. Kd1 Kf3 44. Bb7+ Kg3 45. Ba6 Kf3 46. Bb7+ Kf4
47. Ba6 Bg1 48. Ke1 Kf3 49. Bb7+ Kg3 50. Ba6 Kxh3 51. Nxh6 Bf2+ 52. Kf1 Nf3 53.
b4 Nd2+ 54. Ke2 Nb1 55. Kf3 Nxa3 56. Bd3 Kh4 57. Nf5+ Kg5 58. Nd6 Be1 59. Ne4+
Kg6 60. b5 Ba5 61. Kxe3 Bb6+ 62. Kd2 f5 63. Ng3 Kg5 64. gxf5 Bc7 65. f6 Bxg3 66.
f7 Bd6 67. Kc3 Bc5 68. Bc4 Kf4 69. Be6 Ke5 70. Ba2 Bf8 71. Kb3 Nxb5 72. Ka4 Nc7
73. Ka5 Kd6 74. Bc4 Kc5 75. Bb3 Bh6 76. Ba2 Kc6 77. Bb1 Bg7 78. Be4+ Kc5 79. Bb1
Kd6 80. Bd3 Ke7 81. Bc4 Bd4 0-1

[Event "Saint Louis Blitz 2022"]
[Site "Saint Louis USA"]
[Date "2022.08.29"]
[Round "3.2"]
[White "Shankland, Sam"]
[Black "Xiong, Jeffery"]
[Result "0-1"]
[WhiteTitle "GM"]
[BlackTitle "GM"]
[WhiteElo "2720"]
[BlackElo "2690"]
[WhiteFideId "2004887"]
[BlackFideId "2047640"]
[EventDate "2022.08.29"]

1. d4 Nf6 2. c4 e6 3. Nc3 d5 4. cxd5 exd5 5. Bg5 c6 6. e3 Bd6 7. Bd3 O-O 8. Nf3
Be6 9. Ne5 c5 10. O-O Nc6 11. Nxc6 bxc6 12. dxc5 Bxc5 13. Rc1 h6 14. Bf4 Bd6 15.
Qa4 c5 16. Rfd1 Rb8 17. b3 Bxf4 18. Qxf4 Rb4 19. Qe5 Re8 20. Be2 Bg4 21. Qg3 Nh5
22. Qxg4 Rxg4 23. Bxg4 Nf6 24. Bf3 d4 25. Ne2 g5 26. h3 Qa5 27. exd4 cxd4 28.
Nxd4 Qxa2 29. Rc6 Rd8 30. Rc4 h5 31. g3 g4 32. hxg4 hxg4 33. Bg2 Qb2 34. Ra4 a5
35. Rc4 Kh7 36. Ra4 Kg6 37. Rc4 Rd6 38. Ra4 Rd8 39. Rc4 Kh7 40. Ra4 Kg8 41. Rc4
Nh7 42. Ra4 Kh8 43. Rc4 Ng5 44. Rc5 Ne6 45. Rh5+ Kg8 46. Bd5 Nxd4 47. Rg5+ Kf8
48. Kg2 Ne6 49. Rxg4 Qe2 50. Bf3 Qxd1 51. Bxd1 Rxd1 52. Ra4 Rd5 53. b4 axb4 54.
Rxb4 Kg7 55. Re4 Kf6 56. Re2 Ra5 57. Rc2 Ra3 58. Rd2 Ng5 59. Re2 Kf5 60. Rb2 Ne4
61. Rb5+ Ke6 62. Rb2 Rd3 63. Re2 Kf5 64. Kf1 Rd1+ 65. Kg2 Rd2 66. Kf3 Ng5+ 67.
Ke3 Rxe2+ 68. Kxe2 0-1

[Event "Saint Louis Blitz 2022"]
[Site "Saint Louis USA"]
[Date "2022.08.29"]
[Round "3.3"]
[White "Aronian, Levon"]
[Black "Caruana, Fabiano"]
[Result "0-1"]
[WhiteTitle "GM"]
[BlackTitle "GM"]
[WhiteElo "2775"]
[BlackElo "2776"]
[WhiteFideId "13300474"]
[BlackFideId "2020009"]
[EventDate "2022.08.29"]

1. d4 Nf6 2. Nf3 g6 3. c4 d6 4. Nc3 Bf5 5. Bg5 Bg7 6. e3 O-O 7. Bd3 Bxd3 8. Qxd3
Nbd7 9. O-O h6 10. Bh4 g5 11. Bg3 Nh5 12. Qd1 Nxg3 13. hxg3 c5 14. Rc1 a6 15.
Qd3 e6 16. Rfd1 cxd4 17. exd4 Rc8 18. b4 a5 19. Nb5 Rc6 20. d5 exd5 21. Qxd5 Nb6
22. Qd3 axb4 23. Nxd6 Na4 24. Nf5 Qxd3 25. Rxd3 Re8 26. N3d4 Rc5 27. Nxg7 Kxg7
28. Rb1 Nc3 29. Rxb4 Re1+ 30. Kh2 g4 31. Nf3 gxf3 32. gxf3 Ne2 33. f4 Rg1 34.
Rd5 Rxd5 35. cxd5 Ra1 36. d6 Rd1 37. Rxb7 Rxd6 38. Rb3 Nc1 39. Rb2 Ra6 40. Rc2
Nxa2 41. Rc4 Rb6 42. Kh3 Rb2 43. f3 Nb4 44. g4 Nd3 45. f5 Rb4 46. Rc3 Nf4+ 47.
Kh4 Rb1 48. Rc2 Rg1 49. Rd2 Rg2 50. Rd6 Ne2 51. Kh3 Rg3+ 52. Kh4 Rxf3 53. g5
Rf4+ 54. Kh5 Rxf5 55. Rxh6 Rf1 56. Ra6 Rg1 57. Ra4 Ng3+ 58. Kh4 Nf5+ 0-1

[Event "Saint Louis Blitz 2022"]
[Site "Saint Louis USA"]
[Date "2022.08.29"]
[Round "3.4"]
[White "Vachier-Lagrave, Maxime"]
[Black "Dominguez Perez, Leinier"]
[Result "1-0"]
[WhiteTitle "GM"]
[BlackTitle "GM"]
[WhiteElo "2757"]
[BlackElo "2754"]
[WhiteFideId "623539"]
[BlackFideId "3503240"]
[EventDate "2022.08.29"]

1. e4 e5 2. Nf3 Nf6 3. Nxe5 d6 4. Nf3 Nxe4 5. d3 Nf6 6. d4 g6 7. Bd3 Bg7 8. O-O
O-O 9. a4 c5 10. Na3 Nc6 11. h3 Nd5 12. Be4 Nf6 13. Bxc6 bxc6 14. dxc5 dxc5 15.
Bf4 Nd5 16. Be5 f6 17. Bg3 Re8 18. Re1 Be6 19. Qd2 Nb6 20. a5 Qxd2 21. Nxd2 Nd7
22. Nac4 Bd5 23. Nd6 Rxe1+ 24. Rxe1 Ne5 25. c4 Bh6 26. cxd5 Bxd2 27. Rd1 Bxa5
28. Bxe5 fxe5 29. Nc4 Bb6 30. dxc6 Rc8 31. Nxe5 Kg7 32. Rd6 Bc7 33. Rd7+ Kf6 34.
Nc4 h5 35. Nd6 Bxd6 36. Rxd6+ Kf7 37. Kf1 g5 38. Ke2 Ke7 39. Rg6 Rb8 40. Rxg5
Rxb2+ 41. Ke3 Kd6 42. Rxc5 Rb3+ 43. Kd4 1-0

[Event "Saint Louis Blitz 2022"]
[Site "Saint Louis USA"]
[Date "2022.08.29"]
[Round "4.3"]
[White "Nepomniachtchi, Ian"]
[Black "Vachier-Lagrave, Maxime"]
[Result "1/2-1/2"]
[WhiteTitle "GM"]
[BlackTitle "GM"]
[WhiteElo "2792"]
[BlackElo "2757"]
[WhiteFideId "4168119"]
[BlackFideId "623539"]
[EventDate "2022.08.29"]

1. d4 Nf6 2. c4 g6 3. Nc3 d5 4. cxd5 Nxd5 5. e4 Nxc3 6. bxc3 Bg7 7. Bc4 c5 8.
Ne2 O-O 9. O-O Nc6 10. Be3 b6 11. Rc1 Bb7 12. Qd2 Rc8 13. Rfd1 cxd4 14. cxd4 e6
15. Bb5 Na5 16. f3 Rxc1 17. Rxc1 a6 18. Bd3 Nc6 19. Bb1 Qd7 20. h4 Rd8 21. Rd1
Na5 22. Bg5 Nc4 23. Qf4 e5 24. Qc1 Rc8 25. dxe5 Qe8 26. Bf6 Nxe5 27. Qf4 Qe6 28.
Bxg7 Kxg7 29. h5 Qe7 30. h6+ Kg8 31. a4 Bc6 32. Ba2 Be8 33. Rd5 Rc5 34. Nc3 Bc6
35. Rxe5 Rxe5 36. Bxf7+ Kh8 37. Nd5 Qg5 38. Qh2 Qc1+ 39. Kf2 Qd2+ 40. Kf1 Qd1+
41. Kf2 Qd4+ 42. Kf1 Bxa4 43. Qf4 Bb5+ 44. Ke1 Qg1+ 45. Kd2 Qd4+ 46. Ke1 Qg1+
47. Kd2 Qd4+ 48. Ke1 Qg1+ 1/2-1/2

[Event "Saint Louis Blitz 2022"]
[Site "Saint Louis USA"]
[Date "2022.08.29"]
[Round "4.4"]
[White "Xiong, Jeffery"]
[Black "Mamedyarov, Shakhriyar"]
[Result "1-0"]
[WhiteTitle "GM"]
[BlackTitle "GM"]
[WhiteElo "2690"]
[BlackElo "2758"]
[WhiteFideId "2047640"]
[BlackFideId "13401319"]
[EventDate "2022.08.29"]

1. c4 e5 2. Nc3 Bb4 3. Nd5 Be7 4. d4 d6 5. e4 Nf6 6. Nxe7 Qxe7 7. f3 exd4 8.
Qxd4 O-O 9. Ne2 c6 10. Bg5 d5 11. e5 c5 12. Qf4 Re8 13. exf6 Qe6 14. O-O-O d4
15. Ng3 Nc6 16. fxg7 Nb4 17. Ne4 1-0

[Event "Saint Louis Blitz 2022"]
[Site "Saint Louis USA"]
[Date "2022.08.29"]
[Round "4.5"]
[White "Caruana, Fabiano"]
[Black "Dominguez Perez, Leinier"]
[Result "1-0"]
[WhiteTitle "GM"]
[BlackTitle "GM"]
[WhiteElo "2776"]
[BlackElo "2754"]
[WhiteFideId "2020009"]
[BlackFideId "3503240"]
[EventDate "2022.08.29"]

1. c4 Nf6 2. Nc3 e6 3. d4 d5 4. cxd5 exd5 5. Bg5 Bb4 6. Qa4+ Nc6 7. Nf3 h6 8.
Bxf6 Qxf6 9. e3 O-O 10. Rc1 Rd8 11. Bd3 Bg4 12. Be2 Bf8 13. O-O Ne7 14. Qb3 Rab8
15. Ne5 Bxe2 16. Nxe2 c6 17. Nd3 Nf5 18. Ng3 Nxg3 19. hxg3 Bd6 20. Qd1 g6 21.
Qf3 Qe7 22. Rb1 h5 23. b4 a6 24. a4 Kg7 25. b5 cxb5 26. axb5 a5 27. b6 a4 28.
Rb5 Qe4 29. Rd1 Be7 30. Nf4 a3 31. Nxd5 Qxf3 32. gxf3 Bf8 33. Nc7 Bd6 34. Rb3
Rd7 35. Nb5 Ra8 36. Ra1 a2 37. Na7 1-0

[Event "Saint Louis Blitz 2022"]
[Site "Saint Louis USA"]
[Date "2022.08.29"]
[Round "5.1"]
[White "Vachier-Lagrave, Maxime"]
[Black "Xiong, Jeffery"]
[Result "1/2-1/2"]
[WhiteTitle "GM"]
[BlackTitle "GM"]
[WhiteElo "2757"]
[BlackElo "2690"]
[WhiteFideId "623539"]
[BlackFideId "2047640"]
[EventDate "2022.08.29"]

1. e4 e5 2. Nf3 Nf6 3. Nxe5 d6 4. Nf3 Nxe4 5. d3 Nf6 6. d4 g6 7. Bd3 Bg7 8. O-O
O-O 9. Re1 c5 10. dxc5 dxc5 11. Nc3 Nc6 12. Bf4 Nb4 13. Bc4 Bf5 14. Re2 Nxc2 15.
Rd2 Nd4 16. Nxd4 cxd4 17. Rxd4 Qb6 18. Bb3 Ne4 19. Rxe4 Bxc3 20. Re2 Bf6 21. Be3
Qa6 22. Rc1 Bg4 23. f3 Rfd8 24. Qe1 Be6 25. Bxe6 Qxe6 26. b3 Re8 27. Rcc2 Qa6
28. Bf2 Rxe2 29. Qxe2 Qxe2 30. Rxe2 a6 31. g4 Rc8 32. Kg2 h5 33. h3 hxg4 34.
hxg4 Kg7 35. f4 Kf8 36. g5 Be7 37. Bd4 Bd6 38. Kf3 Rc1 39. Ke4 Rf1 40. Be5 Ke7
41. Bxd6+ Kxd6 42. Rd2+ Ke6 43. Re2 Kd6 44. Rd2+ Ke6 45. Re2 Kd6 1/2-1/2

[Event "Saint Louis Blitz 2022"]
[Site "Saint Louis USA"]
[Date "2022.08.29"]
[Round "5.2"]
[White "Dominguez Perez, Leinier"]
[Black "Nepomniachtchi, Ian"]
[Result "0-1"]
[WhiteTitle "GM"]
[BlackTitle "GM"]
[WhiteElo "2754"]
[BlackElo "2792"]
[WhiteFideId "3503240"]
[BlackFideId "4168119"]
[EventDate "2022.08.29"]

1. e4 c5 2. Nf3 e6 3. d4 cxd4 4. Nxd4 Nc6 5. Nc3 a6 6. Be3 Qc7 7. Qf3 b5 8. Nxc6
Qxc6 9. O-O-O Bb7 10. Qg3 Rc8 11. Bd3 b4 12. Ne2 Nf6 13. f3 h5 14. h4 g6 15. Bd4
Bg7 16. Nf4 Qc7 17. Kb1 Nxe4 18. Bxe4 Bxd4 19. Bxg6 Be5 20. Bxf7+ Kxf7 21. Qg6+
Kf8 22. g3 Rg8 23. Qh7 Rg7 24. Ng6+ Rxg6 25. Qxg6 Bg7 26. Rhe1 Kg8 27. Rd2 Bxf3
28. Rf1 Qc6 29. Rdf2 Qe4 30. Qg5 Be2 31. Rc1 Qd4 0-1

[Event "Saint Louis Blitz 2022"]
[Site "Saint Louis USA"]
[Date "2022.08.29"]
[Round "5.5"]
[White "Shankland, Sam"]
[Black "Aronian, Levon"]
[Result "0-1"]
[WhiteTitle "GM"]
[BlackTitle "GM"]
[WhiteElo "2720"]
[BlackElo "2775"]
[WhiteFideId "2004887"]
[BlackFideId "13300474"]
[EventDate "2022.08.29"]

1. d4 Nf6 2. c4 e6 3. Nc3 Bb4 4. Qc2 d5 5. a3 Bxc3+ 6. Qxc3 Ne4 7. Qc2 c5 8.
dxc5 Nc6 9. Nf3 Qa5+ 10. Bd2 Qxc5 11. e3 Nxd2 12. Nxd2 O-O 13. Bd3 h6 14. O-O
Ne5 15. Bh7+ Kh8 16. cxd5 Qd6 17. f4 Ng4 18. Nc4 Qd8 19. h3 exd5 20. hxg4 dxc4
21. Bf5 Bxf5 22. gxf5 Qb6 23. Rae1 Rfe8 24. Qxc4 Rxe3 25. Rxe3 Qxe3+ 26. Kh2 Qe7
27. Rd1 Re8 28. b4 b6 29. Qd4 Qh4+ 30. Kg1 Kg8 31. f6 gxf6 32. Qf2 Qh5 33. Rd3
Qf5 34. Qf3 Kg7 35. Kh2 Re4 36. Qg3+ Kh7 37. Rd8 Qxf4 38. Qxf4 Rxf4 39. Rd7 a5
40. bxa5 bxa5 41. Rxf7+ Kg6 42. Rc7 Re4 43. Rc5 Re5 44. Rc4 h5 45. g3 Rg5 46.
Rc3 Rg4 47. Rc5 Ra4 48. Rc3 Rd4 49. Kh3 a4 50. Re3 Kg5 51. Rc3 h4 52. gxh4+
Rxh4+ 53. Kg3 Rd4 54. Kf3 f5 55. Ke3 Rh4 56. Kf2 Rh2+ 57. Kg3 Rb2 58. Rc4 Rb3+
59. Kf2 Rxa3 60. Rb4 Ra1 0-1

[Event "Saint Louis Blitz 2022"]
[Site "Saint Louis USA"]
[Date "2022.08.29"]
[Round "6.1"]
[White "Caruana, Fabiano"]
[Black "Nepomniachtchi, Ian"]
[Result "1/2-1/2"]
[WhiteTitle "GM"]
[BlackTitle "GM"]
[WhiteElo "2776"]
[BlackElo "2792"]
[WhiteFideId "2020009"]
[BlackFideId "4168119"]
[EventDate "2022.08.29"]

1. e4 e5 2. Nf3 Nf6 3. Nxe5 d6 4. Nf3 Nxe4 5. d4 d5 6. Bd3 Bd6 7. O-O O-O 8. Re1
Bf5 9. Nbd2 Re8 10. g3 h6 11. Nh4 Bh7 12. Qf3 Nc6 13. c3 Qf6 14. Bxe4 dxe4 15.
Qxf6 gxf6 16. Nc4 Bf8 17. Bf4 Rac8 18. Ne3 Ne7 19. Ng4 Nd5 20. Bxh6 f5 21. Bxf8
fxg4 22. Bh6 Re6 23. Be3 b5 24. a4 a6 25. axb5 axb5 26. Ng2 Rc6 27. Ra5 Rb8 28.
Bf4 Bf5 29. Ne3 Be6 30. Nxd5 Bxd5 31. h3 gxh3 32. Kh2 Kg7 33. Be5+ Kg6 34. Re3
Rc4 35. Ra7 Rb7 36. Ra8 f6 37. Bf4 b4 38. Kxh3 bxc3 39. bxc3 Rb3 40. Ra5 c6 41.
Rc5 Rxc5 42. dxc5 Kf5 43. Bd6 Rb1 44. g4+ Kg6 45. c4 Bxc4 46. Rxe4 Rh1+ 47. Kg3
Bd5 48. Re2 Rg1+ 49. Kf4 Rc1 50. Re3 Rb1 51. Re7 Rb3 52. Re3 Rxe3 53. fxe3 Kf7
54. e4 Bb3 55. e5 fxe5+ 56. Kxe5 Kg6 57. Bb8 Ba4 58. Kd6 Bb5 59. Ke5 Ba4 60. Kd6
Bb5 61. Ke5 Ba4 1/2-1/2

[Event "Saint Louis Blitz 2022"]
[Site "Saint Louis USA"]
[Date "2022.08.29"]
[Round "6.4"]
[White "Xiong, Jeffery"]
[Black "Dominguez Perez, Leinier"]
[Result "1-0"]
[WhiteTitle "GM"]
[BlackTitle "GM"]
[WhiteElo "2690"]
[BlackElo "2754"]
[WhiteFideId "2047640"]
[BlackFideId "3503240"]
[EventDate "2022.08.29"]

1. e4 c5 2. Nf3 d6 3. Nc3 Nf6 4. d4 cxd4 5. Qxd4 Nc6 6. Qd3 g6 7. Nd5 Bg7 8. c3
O-O 9. Bg5 Nxd5 10. exd5 Ne5 11. Nxe5 Bxe5 12. Qd2 Bd7 13. a4 Rc8 14. Be2 Re8
15. Be3 e6 16. dxe6 Rxe6 17. O-O Bc6 18. h3 Qh4 19. Bg4 h6 20. Bxe6 fxe6 21.
Bxh6 Kh7 22. Bg5 Qe4 23. f3 Qc4 24. Qf2 Kg8 25. Rfe1 Rf8 26. Qh4 Qc5+ 27. Be3
Qd5 28. Rad1 Qb3 29. Bd4 Qxa4 1-0

[Event "Saint Louis Blitz 2022"]
[Site "Saint Louis USA"]
[Date "2022.08.29"]
[Round "6.5"]
[White "Aronian, Levon"]
[Black "Mamedyarov, Shakhriyar"]
[Result "1-0"]
[WhiteTitle "GM"]
[BlackTitle "GM"]
[WhiteElo "2775"]
[BlackElo "2758"]
[WhiteFideId "13300474"]
[BlackFideId "13401319"]
[EventDate "2022.08.29"]

1. e4 e5 2. Nf3 Nc6 3. Bb5 a6 4. Ba4 Nf6 5. d3 b5 6. Bb3 Bc5 7. Nc3 h6 8. Nd5 d6
9. c3 Rb8 10. O-O O-O 11. Re1 Ba7 12. Be3 Bxe3 13. Nxe3 Na5 14. Bc2 c5 15. d4
Nc6 16. d5 Ne7 17. a4 Ng4 18. Nxg4 Bxg4 19. axb5 axb5 20. Qd3 c4 21. Qd1 f5 22.
h3 fxe4 23. Bxe4 Bf5 24. Nd2 Qb6 25. Re3 Rf6 26. Rf3 Rbf8 27. Bxf5 Rxf5 28. Rxf5
Rxf5 29. Ne4 Rf4 30. Ra8+ Kh7 31. Qc2 g6 32. g3 Rf7 33. Qd2 Kg7 34. Re8 Qc7 35.
Kg2 Qd7 36. Rb8 g5 37. Kh2 Qf5 38. Qe2 Nxd5 39. Rxb5 Nc7 40. Rb7 d5 41. Nd6 Qd3
42. Qxe5+ Kg6 43. Nxf7 1-0